| 000 | 00603cab a2200229 4500 | ||
|---|---|---|---|
| 001 | ABS55035 | ||
| 008 | 090401t1996 xxu||||| |||| 00| 0 eng d | ||
| 035 | _a(Sirsi) u13719 | ||
| 041 | _aeng | ||
| 100 | _aLipman, C. | ||
| 245 | _aSome like it hot desking | ||
| 260 | _c1996 | ||
| 350 | _a0 | ||
| 490 |
_aAccountancy Age _v18 April 1996, 24-26(2) |
||
| 520 | _aLooks at the application of hot desking for accounting firms. | ||
| 650 | _aACCOUNTANCY FIRMS | ||
| 650 | _aHOTDESKING | ||
| 650 | _aHOTELLING | ||
| 690 | _aOFFICE SERVICES AND ADMINISTRATION | ||
| 942 | _n0 | ||
| 948 | _c04/03/1997 | ||
| 999 |
_c8835 _d8835 |
||